Visualizzazione normale
Vista MARC
- Prato Carlo
di Personal Name
Records bibliografici associati: 1
001 - CONTROL NUMBER
- control field: 10979
003 - CONTROL NUMBER IDENTIFIER
- control field: IT-RoPau
005 - DATE AND TIME OF LATEST TRANSACTION
- control field: 20140127153744.0
008 - FIXED-LENGTH DATA ELEMENTS
- fixed length control field: 140127|| aca||aabn | a|a d
040 ## - CATALOGING SOURCE
- Original cataloging agency: IT-RoPau
- Transcribing agency: IT-RoPau
100 ## - HEADING--PERSONAL NAME
- Personal name: Prato Carlo
- Dates associated with a name: Codice autore musica SPICS: 13381
- Relator term: Autore musica
- Name of part/section of a work: C'è una casetta piccina
670 ## - SOURCE DATA FOUND
- Source citation: Work cat.: (IT-RoPau)99874: AA.VV. 794, Bambina innamorata